Statistics for Jurassic World Evolution 2 (All Dinosaurs)

Click here to take the quiz!

General Stats

  • This quiz has been taken 145 times
    (10 since last reset)
  • The average score is 75 of 122

Answer Stats

Dinosaur Names% Correct
Allosaurus
100%
Brachiosaurus
100%
Diplodocus
100%
Megalodon
100%
Alamosaurus
80%
Apatosaurus
80%
Atrociraptor
80%
Carnotaurus
80%
Dimetrodon
80%
Dimorphodon
80%
Gallimimus
80%
Jeholopterus
80%
Mamenchisaurus
80%
Mosasaurus
80%
Nodosaurus
80%
Pachycephalosaurus
80%
Pachyrhinosaurus
80%
Pteranodon
80%
Pyroraptor
80%
Spinosaurus
80%
Suchomimus
80%
Therizinosaurus
80%
Triceratops
80%
Tyrannosaurus
80%
Velociraptor
80%
Yutyrannus
80%
Acrocanthosaurus
60%
Albertosaurus
60%
Amargasaurus
60%
Ankylosaurus
60%
Archelon
60%
Attenborosaurus
60%
Australovenator
60%
Barbaridactylus
60%
Baryonyx
60%
Camarasaurus
60%
Cearadactylus
60%
Ceratosaurus
60%
Chasmosaurus
60%
Chungkingosaurus
60%
Coelophysis
60%
Compsognathus
60%
Corythosaurus
60%
Crichtonsaurus
60%
Deinonychus
60%
Dilophosaurus
60%
Dracorex
60%
Dreadnoughtus
60%
Dryosaurus
60%
Edmontosaurus
60%
Elasmosaurus
60%
Euoplocephalus
60%
Geosternbergia
60%
Giganotosaurus
60%
Gigantoraptor
60%
Gigantspinosaurus
60%
Herrerasaurus
60%
Homalocephale
60%
Huayangosaurus
60%
Ichthyosaurus
60%
Iguanodon
60%
Indominus Rex
60%
Indoraptor
60%
Kentrosaurus
60%
Kronosaurus
60%
Liopleurodon
60%
Lystrosaurus
60%
Maiasaura
60%
Majungasaurus
60%
Megalosaurus
60%
Metriacanthosaurus
60%
Microceratus
60%
Minmi
60%
Monolophosaurus
60%
Moros Intrepidus
60%
Muttaburrasaurus
60%
Nasutoceratops
60%
Nothosaurus
60%
Olorotitan
60%
Ouranosaurus
60%
Oviraptor
60%
Parasaurolophus
60%
Pentaceratops
60%
Plesiosaurus
60%
Polacanthus
60%
Proceratosaurus
60%
Qianzhousaurus
60%
Quetzalcoatlus
60%
Sauropelta
60%
Scorpios Rex
60%
Shonisaurus
60%
Sinoceratops
60%
Sinosauropteryx
60%
Stegosaurus
60%
Struthiomimus
60%
Stygimoloch
60%
Styracosaurus
60%
Styxosaurus
60%
Tapejara
60%
Tarbosaurus
60%
Torosaurus
60%
Tropeognathus
60%
Tsintaosaurus
60%
Tylosaurus
60%
Wuerhosaurus
60%
Ankylodocus
40%
Carcharodontosaurus
40%
Cryolophosaurus
40%
Deinocheirus
40%
Dsungaripterus
40%
Dunkleosteus
40%
Maaradactylus
40%
Nigersaurus
40%
Segisaurus
40%
Spinoceratops
40%
Spinoraptor
40%
Stegoceratops
40%
Thanatosdrakon
40%
Troodon
40%
Utahraptor
40%
Concavenator
20%
Archaeornithomimus
0%

Score Distribution

Percentile by Number Answered

Percent of People with Each Score

Your Score History

You have not taken this quiz since the last reset